000 00519nam a2200169 a 4500
005 20140412111300.0
008 010330s19uu xx 00 eng d
020 _a0-590-10386-5
050 _aTR(GS 793.73
_bS62 1997
100 _aSpan, Mary Beth
245 _a25 easy thematic crosswords for building literacy, grades K-2 /
_cby Mary Beth Spann.
260 _aJefferson City, MO :
_bScholastic Professional Books,
_c1997.
300 _a47 p. ; ill.
500 _aPreschool
650 _aThematic
999 _c103365
_d103365